Top 100 - Największe Państwa w Historii Świata - Statystyki

Ogólne statystyki
  • Ten quiz został rozwiązany 123 razy
  • Średni wynik to 10 z 100
Statystyki odpowiedzi
Rok Wielkość w mln km² Państwo % Poprawnych
2022 17,1 Rosja
85%
1898-1946 9,8 Stany Zjednoczone
65%
2005 10 Kanada
54%
115-117 6,5 Cesarstwo Rzymskie / Imperium Rzymskie
46%
1911-Obecnie 1,5 Mongolia
39%
1945-1991 22,4 Związek Radziecki / Związek Sowiecki
37%
1270 33,0 Imperium Mongolskie / Wielki Ułus Mongołów
36%
1975-Obecnie 3,3 Indie
36%
1939 8,2 Australia
32%
1866 23,7 Imperium Rosyjskie
31%
1683 5,2 Imperium Osmańskie
30%
1618-1621 1,15 Rzeczpospolita Obojga Narodów
22%
1962-Obecnie 2,3 Algieria
20%
1963-Obecnie 2,3 Demokratyczna Republika Konga
20%
480 p.n.e. 8,0 Persja / Imperium Achemenidów / Imperium Perskie
17%
550 4,5 Cesarstwo Bizantyńskie / Bizancjum
16%
1942 6,4 III Rzesza
16%
1945-Obecnie 1,9 Indonezja
15%
1991-Obecnie 2,7 Kazachstan
15%
1956-2011 2,5 Sudan
15%
1932-Obecnie 2,0 Arabia Saudyjska
14%
1881-Obecnie 2,8 Argentyna
14%
1960-Obecnie 1,26 Niger
14%
1922 35,8 Brytyjskie Imperium Kolonialne
13%
1999-Obecnie 9,9 Chińska Republika Ludowa
12%
1960-Obecnie 1,28 Czad
12%
1923-1938 13,5 Francuskie Imperium Kolonialne
12%
1952-1993 1,3 Etiopia
11%
1922-1960 2,5 Belgijskie Imperium Kolonialne
10%
1740-1790 20,0 Hiszpańskie Imperium Kolonialne
10%
1920-1940 3,7 Holenderskie Imperium Kolonialne
10%
1815 10,4 Portugalskie Imperium Kolonialne
10%
1951-Obecnie 1,78 Libia
9%
1050 3,0 Ruś Kijowska
9%
1939-1940 3,8 Włoskie Imperium Kolonialne
9%
1800 3,0 Duńskie Imperium Kolonialne
8%
1914 3,5 Niemieckie Imperium Kolonialne
8%
1310 6,0 Złota Orda
8%
1790 14,7 Dynastia Qing
7%
1822-1825 8,7 Cesarstwo Brazylii
6%
1825-1831 2,5 Wielka Kolumbia / Republika Kolumbii
6%
1975-Obecnie 1,25 Angola
5%
395 2,0 Cesarstwo Zachodniorzymskie
5%
1822 4,9 Cesarstwo Meksyku
4%
750 11,1 Kalifat Abbasydów / Abbasydzi / Kalifat Bagdadzki
4%
720-732 13,0 Kalifat Umajjadów / Umajjadzi
4%
323 p.n.e. 5,2 Królestwo Macedonii / Starożytna Macedonia
4%
1527 2,0 Państwo Inków / Inkowie
4%
350 1,25 Aksum
3%
1942 7,4 Cesarstwo Wielkiej Japonii
3%
814 1,2 Imperium Frankijskie / Imperium Karolińskie
3%
1405 4,6 Imperium Timurydów / Timurydzi
3%
969 5,1 Kalifat Fatymidów / Fatymidzi
3%
1080 3,9 Wielcy Seldżucy / Seldżucy
3%
1520 1,8 Chanat Syberyjski
2%
1811 2,1 I Cesarstwo Francuskie
2%
1312 1,29 Imperium Mali
2%
697 p.n.e. 1,4 Imperium Nowoasyryjskie / Asyria
2%
1512 3,5 Imperium Safawidów / Safawidzi
2%
620 3,5 Imperium Sasanidów / Sasanidzi
2%
301 p.n.e. 3,9 Imperium Seleucydów / Seleucydzi
2%
800 4,6 Imperium Tybetańskie
2%
1690 4,6 Imperium Wielkich Mogołów
2%
Początek IX w. 0,8 I Państwo Bułgarskie
2%
557 6,0 Kaganat Turkutów
2%
1200 2,0 Kalifat Almohadów / Almohadzi
2%
1835-1839 3,5 Konfederacja Peruwiańsko-Boliwijska / Peru-Boliwia
2%
1500 1,4 Songhaj
2%
1300 2,1 Sułtanat Mameluków / Mamelucy
2%
1959-1961 1,18 Zjednoczona Republika Arabska
2%
1126 2,3 Cesarstwo Jin / Dynastia Jin
1%
1210 2,5 Chanat Kara-Kitajów / Zachodnia Dynastia Liao
1%
1959-1960 1,4 Federacja Mali
1%
1310 3,75 Ilchanat / Ilchanidzi
1%
1747 4,0 Imperium Afszarydów / Afszarydzi
1%
625-648 1,35 Imperium Harszy
1%
250 p.n.e. 5,0 Imperium Maurjów
1%
585 p.n.e. 2,8 Imperium Medów / Medowie
1%
850 4,0 Imperium Pala
1%
1 2,8 Imperium Partów / Partowie
1%
850 3,0 Kaganat Chazarski
1%
1674-1820 2,5 Konfederacja Marathów
1%
184 2,5 Królestwo Greko-Baktryjskie
1%
150 p.n.e. 2,5 Królestwo Indo-Greckie
1%
50 1,5 Królestwo Indo-Partów
1%
90 1,5 Królestwo Indo-Scytów
1%
1389 2,7 Madżapahit
1%
490 4,0 Państwo Heftalitów / Heftalici
1%
1861-1865 2,0 Skonfederowane Stany Ameryki / Konfederacja
1%
1320 3,2 Sułtanat Delhijski
1%
1949-1990 2,0 Związek Południowej Afryki
1%
1310-1350 3,5 Chanat Czagatajski
0%
900 2,0 Emirat Saffarydów / Saffarydzi
0%
1218 3,6 Imperium Chorezmijskie
0%
1050 3,6 Imperium Ćolów
0%
400 3,5 Imperium Guptów / Guptowie
0%
200 3,8 Imperium Kuszanów / Kuszanowie
0%
1025 3,0 Kaganat Karachanidów / Karachanidzi
0%
795 3,1 Kaganat Ujgurski / Ujgurzy
0%
1190 2,7 Sułtanat Ajjubidów / Ajjubidzi
0%
Nie znaleziono quizów pasujących do podanych kryteriów
Rozkład punktacji
Procent ludzi z każdym wynikiem
Percentyl według liczby udzielonych odpowiedzi
Twoja historia wyników
Nie rozwiązałeś tego quizu